Life of Mohammad / (Record no. 124964)

MARC details
000 -LEADER
fixed length control field 00643nam a22002177a 4500
005 - DATE AND TIME OF LATEST TRANSACTION
control field 20170124105947.0
010 ## - LIBRARY OF CONGRESS CONTROL NUMBER
LC control number 992205
020 ## - INTERNATIONAL STANDARD BOOK NUMBER
Terms of availability 50.00
035 ## - SYSTEM CONTROL NUMBER
System control number 992205
037 ## - SOURCE OF ACQUISITION
Source of stock number/acquisition Cen Lib/Ret
040 ## - CATALOGING SOURCE
Original cataloging agency DPL
Language of cataloging EN
082 ## - DEWEY DECIMAL CLASSIFICATION NUMBER
Classification number 270.33
Item number ABU
100 ## - MAIN ENTRY--PERSONAL NAME
Personal name Abul-Fazal, Mirza
9 (RLIN) 12538
245 ## - TITLE STATEMENT
Title Life of Mohammad /
Statement of responsibility, etc by Mirza Abul-Fazal
Remainder of title from various authors
260 ## - PUBLICATION, DISTRIBUTION, ETC. (IMPRINT)
Place of publication, distribution, etc New Delhi
Name of publisher, distributor, etc Asian Publication services
Date of publication, distribution, etc 1980
270 ## - ADDRESS
Address ii-k-29, lajpat nagar
City New Delhi
Postal code 110024
300 ## - PHYSICAL DESCRIPTION
Extent vi, 252p.
Dimensions 16cm(Hb)
650 ## - SUBJECT ADDED ENTRY--TOPICAL TERM
Topical term or geographic name as entry element Islam
9 (RLIN) 5289
650 ## - SUBJECT ADDED ENTRY--TOPICAL TERM
Topical term or geographic name as entry element Biographies
General subdivision Mohammad
9 (RLIN) 12539
942 ## - ADDED ENTRY ELEMENTS (KOHA)
Source of classification or shelving scheme Dewey Decimal Classification
Koha item type English Books
Classification part 270.33
Call number suffix ABU
Holdings
Withdrawn status Lost status Damaged status Not for loan Home library Current library Date acquired Source of acquisition Cost, normal purchase price Total Checkouts Full call number Barcode Date last seen Copy number Cost, replacement price Price effective from Koha item type
        Central Library Central Library 19/06/2015 Cen Lib/Ret 50.00   270.33 ABU 992205 19/06/2015 1 50.00 19/06/2015 English Books

© Delhi Public Library
Hit Counter
free hit counter